[Event "Kuopio op-A 40th"]
[Site "Kuopio"]
[Date "2018.04.29"]
[Round "4"]
[White "Hartikainen, Jarmo"]
[Black "Von Wright, Aarne"]
[Result "1/2-1/2"]
[WhiteElo "2181"]
[BlackElo "2114"]
[PlyCount "71"]
[EventDate "2018.04.28"]
[EventType "swiss"]
[EventRounds "4"]
[EventCountry "FIN"]
[SourceTitle "EXT 2019"]
[Source "ChessBase"]
[SourceDate "2018.10.10"]
[SourceVersion "1"]
[SourceVersionDate "2018.10.10"]
[SourceQuality "1"]

1. Nf3 Nf6 2. d4 d5 3. c4 e6 4. Nc3 Nbd7 5. cxd5 exd5 6. Bf4 c6 7. e3 Bb4 8. Bd3 h6 9. 0-0 Bxc3 10. bxc3 Ne4 11. Bxe4 dxe4 12. Ne5 Nxe5 13. Bxe5 f6 14. Qh5+ Ke7 15. Bg3 Qd5 16. Qe2 Be6 17. Rfc1 Qc4 18. Qxc4 Bxc4 19. a4 b6 20. Rab1 Rhc8 21. Rb4 Bd3 22. f3 f5 23. Kf2 c5 24. dxc5 Rxc5 25. Rd4 Rd8 26. h4 Rxd4 27. exd4 Rc4 28. a5 b5 29. Bb8 a6 30. Bf4 b4 31. cxb4 Rxd4 32. Rc7+ Rd7 33. Rxd7+ Kxd7 34. Be3 Ke6 35. Bd4 g6 36. Ke3 1/2-1/2

[Event "FIN-chT 1516"]
[Site "Finland"]
[Date "2016.03.13"]
[Round "11.8"]
[White "Koivistoinen, Timo"]
[Black "Von Wright, Aarne"]
[Result "0-1"]
[WhiteElo "1911"]
[BlackElo "2133"]
[PlyCount "90"]
[EventDate "2015.09.12"]
[EventType "team-tourn"]
[EventRounds "11"]
[EventCountry "FIN"]
[SourceTitle "EXT 2017"]
[Source "ChessBase"]
[SourceDate "2016.10.25"]
[SourceVersion "1"]
[SourceVersionDate "2016.10.25"]
[SourceQuality "1"]
[WhiteTeam "Helsinki Garde"]
[BlackTeam "Jyvaskyla JyS"]
[WhiteTeamCountry "FIN"]
[BlackTeamCountry "FIN"]

1. e4 Nf6 2. e5 Nd5 3. Nf3 d6 4. Bc4 Nb6 5. Bxf7+ Kxf7 6. Ng5+ Kg8 7. e6 Qe8 8. Qf3 g6 9. Nf7 Bxe6 10. Nxh8 Kxh8 11. Nc3 Nc6 12. b3 Bg7 13. 0-0 Qd7 14. Bb2 Rf8 15. Qg3 Nd4 16. Rac1 Bf5 17. d3 Nd5 18. Rfe1 Nxc3 19. Bxc3 Ne2+ 20. Rxe2 Bxc3 21. h3 e5 22. Qh4 Qd8 23. Qc4 Bd4 24. c3 Bb6 25. Rd1 Qg5 26. Kh1 Bd7 27. d4 Bc6 28. d5 Bd7 29. a4 Rf4 30. Qd3 Qh5 31. Rdd2 Rh4 32. Re4 Bf5 33. Rxh4 Qxh4 34. Qe2 h5 35. b4 a6 36. a5 Ba7 37. b5 Qf4 38. bxa6 bxa6 39. Rb2 Qc1+ 40. Kh2 Qxc3 41. Rb7 Bd4 42. Qxa6 Bxf2 43. Rb8+ Kg7 44. Qf1 Qg3+ 45. Kh1 Be4 0-1

[Event "FIN-chT 1213"]
[Site "Finland"]
[Date "2012.09.28"]
[Round "1.8"]
[White "Von Wright, Aarne"]
[Black "Saastamoinen, Aarne"]
[Result "1/2-1/2"]
[WhiteElo "2103"]
[BlackElo "2135"]
[PlyCount "120"]
[EventDate "2012.09.28"]
[EventType "team-tourn"]
[EventRounds "11"]
[EventCountry "FIN"]
[SourceTitle "CBM 150 Extra"]
[Source "ChessBase"]
[SourceDate "2012.10.19"]
[SourceVersion "1"]
[SourceVersionDate "2012.10.19"]
[SourceQuality "1"]
[WhiteTeam "Jyvaskyla JyS"]
[BlackTeam "Joensuu SK"]
[WhiteTeamCountry "FIN"]
[BlackTeamCountry "FIN"]

1. d4 g6 2. e3 Bg7 3. Bd3 d6 4. Nf3 e5 5. 0-0 Ne7 6. b3 0-0 7. Bb2 Nbc6 8. Nbd2 exd4 9. exd4 Nf5 10. c3 a5 11. Re1 Re8 12. Qc2 Bd7 13. Ne4 h6 14. Re2 b6 15. Rae1 d5 16. Ng3 Rxe2 17. Rxe2 Nxg3 18. hxg3 Bg4 19. Bb5 Ne7 20. Ba3 Be6 21. Ne5 Bxe5 22. Rxe5 Nf5 23. Qe2 Qf6 24. Bc1 h5 25. Qf3 c5 26. Qf4 cxd4 27. cxd4 Rc8 28. Bd3 Qd8 29. Bd2 Qd7 30. Bxf5 Bxf5 31. Qg5 Re8 32. Qf6 Re6 33. Rxe6 Qxe6 34. Qd8+ Kg7 35. Bf4 f6 36. Qc7+ Qd7 37. Qxb6 g5 38. Be3 a4 39. b4 Bd3 40. a3 Bc4 41. Qc5 Kf7 42. Qa5 Kg6 43. Qa8 Kg7 44. Qb8 Bd3 45. Kh2 Bc4 46. Bd2 Bb5 47. Qb6 Qc6 48. Qa7+ Qd7 49. Qc5 Bc4 50. Be3 Kf7 51. Kg1 Kg7 52. Qb6 Kf7 53. Qb8 Kg7 54. Bd2 Bb5 55. f4 g4 56. f5 Bd3 57. b5 Bxb5 58. Bb4 Qe8 59. Qc7+ Qf7 60. Qf4 Bc4 1/2-1/2

[Event "FIN-chT1B 1112"]
[Site "Finland"]
[Date "2011.11.19"]
[Round "3.6"]
[White "Von Wright, Aarne"]
[Black "Haapamaki, Marko"]
[Result "1-0"]
[WhiteElo "2078"]
[BlackElo "2090"]
[PlyCount "61"]
[EventDate "2011.09.17"]
[EventType "team-tourn"]
[EventRounds "7"]
[EventCountry "FIN"]
[SourceTitle "EXT 2019"]
[Source "ChessBase"]
[SourceDate "2018.10.10"]
[SourceVersion "1"]
[SourceVersionDate "2018.10.10"]
[SourceQuality "1"]
[WhiteTeam "Jyvaskyla JyS"]
[BlackTeam "Vantaa EtVaS II"]
[WhiteTeamCountry "FIN"]
[BlackTeamCountry "FIN"]

1. d4 e6 2. e3 b6 3. f4 Bb7 4. Nf3 f5 5. Bd3 Nf6 6. 0-0 Be7 7. Nbd2 0-0 8. Qe1 Ne4 9. c3 Qe8 10. Qe2 d6 11. Bc4 Rf6 12. a4 a5 13. Rd1 Rg6 14. Nf1 Qc6 15. Bxe6+ Rxe6 16. d5 Qd7 17. dxe6 Qxe6 18. Nd4 Qf7 19. Ng3 g6 20. Nxe4 Bxe4 21. b4 Nd7 22. Nb5 Rc8 23. Ba3 Nf6 24. c4 Bf8 25. bxa5 bxa5 26. Rac1 Nd7 27. Qd2 Nb6 28. c5 dxc5 29. Bxc5 Bxc5 30. Rxc5 Nxa4 31. Rxc7 1-0

[Event "FIN-chT1A 1011"]
[Site "Finland"]
[Date "2010.11.21"]
[Round "5.3"]
[White "Kumpulainen, Jari"]
[Black "Von Wright, Aarne"]
[Result "1/2-1/2"]
[WhiteElo "1920"]
[BlackElo "2029"]
[PlyCount "90"]
[EventDate "2010.09.18"]
[EventType "team-tourn"]
[EventRounds "9"]
[EventCountry "FIN"]
[SourceTitle "EXT 2022"]
[Source "ChessBase"]
[SourceDate "2021.10.06"]
[SourceVersion "1"]
[SourceVersionDate "2021.10.06"]
[SourceQuality "1"]
[WhiteTeam "Hyvinkaa SK"]
[BlackTeam "Jyvaskyla JyS"]
[WhiteTeamCountry "FIN"]
[BlackTeamCountry "FIN"]

1. e4 Nf6 2. Nc3 d5 3. exd5 Nxd5 4. d4 g6 5. Bc4 Be6 6. Bb3 c6 7. Nf3 Bg7 8. Ne4 0-0 9. Nc5 Bc8 10. Bg5 b6 11. Nd3 Bg4 12. c3 Qc7 13. 0-0 Re8 14. Re1 e6 15. h3 Bxf3 16. Qxf3 Nd7 17. Bh4 a5 18. a3 Rac8 19. Bg3 Qd8 20. Rad1 Qf6 21. Qe4 Qd8 22. Ne5 Nxe5 23. Bxe5 Qg5 24. Bg3 f5 25. Qh4 Qxh4 26. Bxh4 b5 27. Bg3 a4 28. Ba2 Kf7 29. Re2 g5 30. Bd6 Rcd8 31. Bxd5 exd5 32. Rxe8 Rxe8 33. Kf1 Re4 34. Re1 Ke6 35. Bc5 h5 36. f3 Rxe1+ 37. Kxe1 Bf6 38. g4 hxg4 39. hxg4 Bd8 40. Kd2 Bc7 41. Kc2 Bf4 42. Bb6 fxg4 43. fxg4 Kd7 44. Kd3 Bd6 45. Kc2 Be7 1/2-1/2

[Event "Heart of Finland op 18th"]
[Site "Jyvaskyla"]
[Date "2008.07.13"]
[Round "3"]
[White "Von Wright, Aarne"]
[Black "Koivumaki, Marko"]
[Result "1-0"]
[WhiteElo "2042"]
[BlackElo "1835"]
[PlyCount "83"]
[EventDate "2008.07.12"]
[EventType "swiss"]
[EventRounds "9"]
[EventCountry "FIN"]
[SourceTitle "CBM 125 Extra"]
[Source "ChessBase"]
[SourceDate "2008.09.01"]
[SourceVersion "1"]
[SourceVersionDate "2008.09.01"]
[SourceQuality "1"]

1. d4 Nf6 2. e3 g6 3. f4 Bg7 4. Nf3 d6 5. Bd3 0-0 6. 0-0 c5 7. c3 Nc6 8. Qc2 e6 9. Nbd2 b6 10. dxc5 bxc5 11. e4 d5 12. e5 Ng4 13. Re1 Qb6 14. c4 Nb4 15. Qb1 Nxd3 16. Qxd3 Rd8 17. h3 Nh6 18. Qc2 a5 19. Kh2 Nf5 20. g4 Ne7 21. b3 Nc6 22. Ba3 Nb4 23. Bxb4 axb4 24. Kg3 Bb7 25. h4 Qc6 26. Rf1 Qc7 27. h5 dxc4 28. hxg6 fxg6 29. Nxc4 Bxf3 30. Rxf3 g5 31. Rb1 h6 32. fxg5 Bxe5+ 33. Kg2 Qg7 34. Nxe5 Qxg5 35. Qg6+ Qxg6 36. Nxg6 Rxa2+ 37. Kg3 Kg7 38. Nf4 Re8 39. Nh5+ Kg6 40. Rf6+ Kh7 41. Rf7+ Kh8 42. Nf6 1-0

[Event "Mantta We MantSK 9th"]
[Site "Mantta"]
[Date "2008.??.??"]
[Round "5"]
[White "Herranen, Matti"]
[Black "Von Wright, Aarne"]
[Result "0-1"]
[WhiteElo "2095"]
[BlackElo "2029"]
[PlyCount "86"]
[EventDate "2008.??.??"]
[EventType "swiss"]
[EventRounds "5"]
[EventCountry "FIN"]
[SourceTitle "EXT 2022"]
[Source "ChessBase"]
[SourceDate "2021.10.06"]
[SourceVersion "1"]
[SourceVersionDate "2021.10.06"]
[SourceQuality "1"]

1. e4 Nf6 2. e5 Nd5 3. d4 d6 4. Nf3 dxe5 5. Nxe5 c6 6. c4 Nc7 7. Nc3 Nd7 8. Nf3 Nf6 9. Ne5 g6 10. Be3 Bg7 11. h4 Be6 12. Be2 h5 13. Qd2 Nd7 14. Nf3 Nf6 15. Ne5 Bf5 16. f3 Qc8 17. Rg1 Be6 18. 0-0-0 Nd7 19. Nxd7 Bxd7 20. Kb1 b5 21. cxb5 Nxb5 22. Nxb5 cxb5 23. d5 0-0 24. g4 hxg4 25. fxg4 a5 26. h5 Qa6 27. Bd4 Qd6 28. Qe3 Rac8 29. hxg6 fxg6 30. Rh1 e5 31. dxe6 Qxe6 32. Qxe6+ Bxe6 33. Bxg7 Kxg7 34. Rd6 Rf6 35. Rhd1 b4 36. Ra6 Rc5 37. Ra7+ Kh6 38. b3 Rf2 39. Re1 Re5 40. Rh1+ Kg5 41. Bd1 Bd5 42. Rg1 Be4+ 43. Ka1 Rc5 0-1